000
00213 a2200097 4500
001
45509
100
_a
Venables, S
245
_a
Painted mountains
260
_a
London
_b
Hodder stoughton
_c
090
_c
28668
_d
28668
942
_a
NUST-CAE
_c
M
_c
20744
999
_c
280582
_d
280582